Gedenkbuch für die Nürnberger Opfer der Schoa. Ergänzungsband /

Saved in:
书目详细资料
其他作者: Diefenbacher, Michael., Fischer-Pache, Wiltrud., Jochem, Gerhard., Kettner, Ulrike., Kellermann, Kurt.
格式: 图书
语言:German
出版: Nürnberg : Selbstverlag des Stadtarchivs Nürnberg, 2002.
丛编:Quellen und Forschungen zur Geschichte und Kultur der Stadt Nürnberg ; Bd. 30.
主题:
标签: 添加标签
没有标签, 成为第一个标记此记录!
LEADER 01586cam a2200349Ia 4500
001 009019201-X
005 20110127143144.0
008 020430s2002 gw a b 001 0 ger d
020 |a 3925002308 (Stadtarchiv) 
020 |a 3871913081 (Edelmann) 
035 0 |a ocm49690987 
040 |a LHM  |c LHM  |d GZM 
090 |a DS135.G4  |b N843 1998 Suppl. 
090 |a DS135.G4  |b N855 2002 
245 0 0 |a Gedenkbuch für die Nürnberger Opfer der Schoa.  |p Ergänzungsband /  |c herausgegeben von Michael Diefenbacher und Wiltrud Fischer-Pache ; bearbeitet von Gerhard Jochem und Ulrike Kettner ; mit einem Essay von Kurt Kellermann. 
260 |a Nürnberg :  |b Selbstverlag des Stadtarchivs Nürnberg,  |c 2002. 
300 |a xiii, 194 p. :  |b ill. ;  |c 25 cm. 
490 1 |a Quellen und Forschungen zur Geschichte und Kultur der Stadt Nürnberg ;  |v 30. Bd. 
500 |a Supplement to the work with the same title published 1998 (Quellen zur Geschichte und Kultur der Stadt Nürnberg, 29. Bd.). 
504 |a Includes bibliographical references (p. 193-194) and indexes. 
650 0 |a Jews  |z Germany  |z Nuremberg  |v Registers. 
650 0 |a Jews  |z Germany  |z Nuremberg  |v Portraits. 
650 0 |a Holocaust, Jewish (1939-1945)  |z Germany  |z Nuremberg. 
650 0 |a Memorial books (Holocaust)  |z Germany  |z Nuremberg. 
700 1 |a Diefenbacher, Michael. 
700 1 |a Fischer-Pache, Wiltrud. 
700 1 |a Jochem, Gerhard. 
700 1 |a Kettner, Ulrike. 
700 1 |a Kellermann, Kurt. 
830 0 |a Quellen und Forschungen zur Geschichte und Kultur der Stadt Nürnberg ;  |v Bd. 30. 
988 |a 20030115 
906 |0 OCLC